| 000 | 00488nam a22001697a 4500 | ||
|---|---|---|---|
| 005 | 20251108164202.0 | ||
| 008 | 250721s1986 xx 000 0 ara d | ||
| 082 | 1 | 4 | _a070.4/محم |
| 100 | 1 | _aأدهم، محمود | |
| 245 | 1 | 0 | _aأدب الجاحظ من زاوية صحفية / |
| 264 | _c1986. | ||
| 300 | _a231ص | ||
| 490 | 0 | _aفنون التحريرالصحفي بين الأصالة و المعاصرة ؛ 1 | |
| 650 | 1 | 7 | _aالصحافة |
| 942 |
_2ddc _cBK |
||
| 999 |
_c5802 _d5802 |
||